000 00516nam a2200193 a 4500
001 1771067063636
003 YourLibrary
005 20260214163805.0
008 260214s1999##################000#0#eng##
020 _a9780521625791
082 0 4 _a306.766
_bFRA
100 1 _aFraser, Mariam,
_eauthor.
245 1 0 _aIdentity Without Selfhood :
260 _bCambridge University Press,
_c1999.
300 _a240 pages
650 0 _aLiterary Criticism.
942 _cENGLISH
040 _aYourLibrary
_beng
_cYourLibrary
999 _c612545
_d612545